Catálogo
 En Linea

El asalto / (Registro nro. 39467)

Detalles MARC
000 -CABECERA
campo de control de longitud fija 00524nam a2200169 a 4500
001 - NÚMERO DE CONTROL
campo de control 000039977
005 - FECHA Y HORA DE LA ÚLTIMA TRANSACCIÓN
campo de control 20240305135410.0
008 - DATOS DE LONGITUD FIJA--INFORMACIÓN GENERAL
campo de control de longitud fija 130801s1983 ng 000 0 spa d
040 ## - FUENTE DE LA CATALOGACIÓN
Centro catalogador/agencia de origen DO-SdBNP
Lengua de catalogación spa
Centro/agencia transcriptor BNPHU
100 1# - ENTRADA PRINCIPAL--NOMBRE DE PERSONA
Nombre de persona García Márquez, Gabriel,
Numeración 1928-2014
9 (RLIN) 1804
245 13 - MENCIÓN DE TÍTULO
Título El asalto /
Mención de responsabilidad, etc. Gabriel García Márquez.
250 ## - MENCIÓN DE EDICIÓN
Mención de edición 2a ed.
260 ## - PUBLICACIÓN, DISTRIBUCIÓN, ETC.
Lugar de publicación, distribución, etc. Managua, Nicaragua :
Nombre del editor, distribuidor, etc. Nueva Nicaragua,
Fecha de publicación, distribución, etc. 1983.
300 ## - DESCRIPCIÓN FÍSICA
Extensión 143 p. ;
Dimensiones 20 cm.
490 1# - MENCIÓN DE SERIE
Mención de serie Palabra de Nuestra América
830 #0 - PUNTO DE ACCESO ADICIONAL DE SERIE-TÍTULO UNIFORME
Título uniforme Palabra de Nuestra América
9 (RLIN) 10691
Existencias
Estado de retiro Estado de pérdida Restricciones de uso No para préstamo Código de colección Localización permanente Ubicación/localización actual Ubicación en estantería Fecha de adquisición Número de inventario Total de préstamos Signatura topográfica completa Código de barras Fecha visto por última vez Precio válido a partir de Tipo de ítem Koha
        Monografías: Libros y Folletos General General En catalogación 01.08.2013 LF1   39977-10 25.06.2020 25.06.2020 Préstamo en sala

Con tecnología Koha